[Event "EIWCC 2003"]
[Site "?"]
[Date "2003.06.12"]
[Round "10.40"]
[White "Stjazhkina, Olga"]
[Black "Richards, Heather"]
[Result "1-0"]
[WhiteElo "2313"]
[BlackElo "2237"]
[PlyCount "129"]
[EventDate "2003.??.??"]

1. e4 d6 2. d4 Nf6 3. Nc3 g6 4. Be3 c6 5. Qd2 b5 6. Bd3 Nbd7 7. Nf3 Bb7 8. O-O
e5 9. Ne2 Bg7 10. Bh6 O-O 11. c3 a6 12. Ng3 Ne8 13. Rad1 Qe7 14. Bc2 Rd8 15. h4
c5 16. h5 Nc7 17. d5 c4 18. Nh2 Bc8 19. Ng4 Nc5 20. Bxg7 Kxg7 21. Nf5+ Bxf5 22.
exf5 Ne8 23. Qh6+ Kg8 24. fxg6 fxg6 25. hxg6 hxg6 26. Qxg6+ Qg7 27. Qh5 Nf6 28.
Nh6+ Kh8 29. Qh4 Qd7 30. Nf7+ Kg7 31. Nxd8 Qxd8 32. Rfe1 Kf7 33. Re3 Rh8 34.
Qg5 Rg8 35. Qf5 Qf8 36. Rg3 Rxg3 37. fxg3 Qh6 38. Rf1 Ke7 39. Qg6 Qxg6 40. Bxg6
e4 41. Re1 a5 42. a3 Kf8 43. Bf5 Kg7 44. g4 Nd3 45. Re2 Nf4 46. Rxe4 Nxe4 47.
Bxe4 Kf6 48. Kf2 Ke5 49. Ke3 a4 50. g5 Nh5 51. g6 Ng7 52. g4 Ne8 53. Bf5 Kxd5
54. Bd7 Ng7 55. Bxb5 Kc5 56. Bxa4 d5 57. Kf4 Kd6 58. Kg5 Ke7 59. Kh6 Kf8 60.
Bd7 Kg8 61. a4 Kh8 62. a5 d4 63. cxd4 c3 64. bxc3 Ne6 65. a6 1-0

[Event "EIWCC 2003"]
[Site "?"]
[Date "2003.06.12"]
[Round "10.41"]
[White "Blazkova, Petra"]
[Black "Koskela, Niina"]
[Result "1/2-1/2"]
[WhiteElo "2218"]
[BlackElo "2312"]
[PlyCount "178"]
[EventDate "2003.??.??"]

1. e4 e5 2. f4 exf4 3. Nf3 g5 4. h4 g4 5. Ne5 Nf6 6. d4 d6 7. Nd3 Nxe4 8. Qe2
Qe7 9. Bxf4 Nc6 10. c3 Bf5 11. Nd2 O-O-O 12. O-O-O Re8 13. Nxe4 Qxe4 14. Qd2
Qd5 15. b3 h5 16. Nb2 Be4 17. Bc4 Qf5 18. Rhf1 d5 19. Bd3 Qg6 20. Rde1 f5 21.
Nd1 Bh6 22. Ne3 Bxf4 23. Rxf4 Qd6 24. Ref1 Ne7 25. Bxe4 fxe4 26. Kb2 a6 27. Qf2
Kb8 28. Rf6 Qd8 29. Qf4 Ka7 30. Qg5 c6 31. Rf7 Qd6 32. R1f6 Qg3 33. Re6 Nc8 34.
Qg7 Rxe6 35. Rxb7+ Ka8 36. Rb4 Re7 37. Qxh8 Rc7 38. Qd8 a5 39. Nxd5 axb4 40.
Qxc7 bxc3+ 41. Ka3 Qxc7 42. Nxc7+ Kb7 43. Ne6 e3 44. Nf4 Ne7 45. Ne2 g3 46.
Nxg3 Nf5 47. Ne2 Nxh4 48. g3 Nf3 49. Kb4 c2 50. Kc3 Ne1 51. Kb2 Kb6 52. Nf4 Kb5
53. a3 Kb6 54. d5 Kc5 55. dxc6 Kxc6 56. b4 Kd6 57. a4 Ke5 58. a5 Kd6 59. Ne2
Kc7 60. b5 Kb7 61. Nd4 c1=Q+ 62. Kxc1 Nd3+ 63. Kd1 Nf2+ 64. Ke2 Ne4 65. a6+ Kb6
66. Kf3 e2 67. Nxe2 Nd6 68. Nd4 Nc8 69. Kf4 Kc5 70. Nc6 Kxb5 71. a7 Nb6 72. Nb8
Na8 73. Kg5 Kb6 74. Kxh5 Kxa7 75. Nd7 Nc7 76. g4 Ne6 77. Kg6 Kb7 78. Kf6 Nf4
79. g5 Kc7 80. Ne5 Kd6 81. Nf7+ Kd7 82. Ne5+ Kd6 83. Kf5 Nd5 84. Ng4 Ne7+ 85.
Kf6 Nd5+ 86. Kf7 Nf4 87. Nf6 Ke5 88. Nh7 Kf5 89. Kg7 Ne6+ 1/2-1/2

[Event "EIWCC 2003"]
[Site "?"]
[Date "2003.06.12"]
[Round "10.42"]
[White "Llaneza Vega, Patricia"]
[Black "Jiretorn, Eva"]
[Result "1/2-1/2"]
[WhiteElo "2294"]
[BlackElo "2106"]
[PlyCount "89"]
[EventDate "2003.??.??"]

1. e4 c5 2. Nf3 d6 3. d4 cxd4 4. Nxd4 Nf6 5. Nc3 g6 6. Be3 Bg7 7. f3 O-O 8. Qd2
Nc6 9. Bc4 Bd7 10. O-O-O Rc8 11. Bb3 Nxd4 12. Bxd4 b5 13. Nd5 Nxd5 14. Bxg7
Kxg7 15. exd5 a5 16. a3 Qb6 17. Rhe1 Rfe8 18. g4 b4 19. a4 Qc5 20. Kb1 e5 21.
dxe6 Bxe6 22. h4 Bxb3 23. cxb3 Rxe1 24. Rxe1 h6 25. Rd1 Rd8 26. Qd5 Qe3 27. h5
g5 28. Ka2 Re8 29. Qc6 Re6 30. Rxd6 Rxd6 31. Qxd6 Qxf3 32. Qe5+ Kh7 33. Qxa5
Qxg4 34. Qb6 Qe4 35. a5 g4 36. Qc7 Qd5 37. a6 g3 38. Qxg3 Qa5+ 39. Kb1 Qxa6 40.
Qf3 Qe6 41. Kc2 Qe7 42. Qf5+ Kg7 43. Kd3 Qg5 44. Qf3 Qc5 45. Qg4+ 1/2-1/2

[Event "EIWCC 2003"]
[Site "?"]
[Date "2003.06.12"]
[Round "10.43"]
[White "Medic, Mirjana"]
[Black "Mamedjarova, Turkan"]
[Result "0-1"]
[WhiteElo "2290"]
[BlackElo "2222"]
[PlyCount "138"]
[EventDate "2003.??.??"]

1. d4 d5 2. Nf3 Nf6 3. c4 dxc4 4. e3 c5 5. Bxc4 e6 6. O-O Be7 7. Nc3 O-O 8. Qe2
a6 9. a3 b5 10. Ba2 Bb7 11. Rd1 Qc7 12. Bd2 Nbd7 13. Rac1 Qb6 14. Be1 Rfd8 15.
Bb1 cxd4 16. exd4 Nf8 17. Bd2 Ng6 18. Bg5 Rac8 19. Ne4 Rxc1 20. Rxc1 Nxe4 21.
Bxe7 Nxe7 22. Bxe4 Bxe4 23. Qxe4 h6 24. h3 Nf5 25. Rc6 Qa7 26. Qf4 Nxd4 27.
Nxd4 Rxd4 28. Qg3 Rd7 29. Rc8+ Kh7 30. Qf3 Qd4 31. Rc3 a5 32. g3 Rd5 33. h4 b4
34. axb4 axb4 35. Rc2 Rf5 36. Qe2 Re5 37. Qd2 Qe4 38. Rc1 Rd5 39. Qc2 Rd3 40.
Kh2 b3 41. Qb1 Qf5 42. Kg2 g6 43. Kg1 Qf3 44. Rf1 Qe2 45. Qc1 Kg7 46. Kg2 e5
47. Re1 Qf3+ 48. Kg1 Kh7 49. Rf1 e4 50. Re1 h5 51. Qf4 Qxf4 52. gxf4 Rd4 53.
Re3 Rb4 54. Rc3 Kg7 55. Rc6 Rd4 56. Rb6 Rd1+ 57. Kg2 Rd3 58. Rb4 e3 59. fxe3
Rxe3 60. Rb6 Re2+ 61. Kf3 Rxb2 62. f5 Rb1 63. f6+ Kh7 64. Kg2 g5 65. hxg5 Kg6
66. Rb5 b2 67. Kh2 h4 68. Kg2 h3+ 69. Kh2 Kh5 0-1

[Event "EIWCC 2003"]
[Site "?"]
[Date "2003.06.12"]
[Round "10.44"]
[White "Kharashkina, Bairta"]
[Black "Kononenko, Tatiana"]
[Result "0-1"]
[WhiteElo "2182"]
[BlackElo "2370"]
[PlyCount "132"]
[EventDate "2003.??.??"]

1. e4 e6 2. d4 d5 3. e5 c5 4. c3 Nc6 5. Nf3 Qb6 6. a3 c4 7. Nbd2 Na5 8. Be2 Bd7
9. O-O Ne7 10. Rb1 Nec6 11. b4 cxb3 12. Bb2 Be7 13. c4 dxc4 14. Bxc4 Nxc4 15.
Nxc4 Qb5 16. Ne3 O-O-O 17. Bc3 Kb8 18. Rxb3 Qa6 19. Qd2 Bc8 20. Rfb1 Rd7 21. d5
exd5 22. Nf5 Rhd8 23. Qf4 Qc4 24. Bd4 Nxd4 25. N3xd4 Ka8 26. Rc1 g5 27. Qd2 Bc5
28. Rbc3 b6 29. Nc6 Qg4 30. Nxd8 Qxf5 31. Rf3 Qg6 32. Rf6 Qg7 33. Nc6 Bb7 34.
Nd4 Bxa3 35. Ra1 Bc5 36. Nf5 Qg8 37. Nh6 Qe8 38. Re1 Re7 39. Qxg5 Bb4 40. Re2
Ba6 41. Re3 Bd2 42. Qg8 Bxe3 43. fxe3 Rxe5 44. Qxe8+ Rxe8 45. Rxf7 Rxe3 46.
Rf8+ Kb7 47. Rf7+ Kc6 48. Rxa7 Bd3 49. Ng4 Re6 50. Kf2 Bg6 51. h3 d4 52. Ra2
Kc5 53. Nh2 b5 54. Nf3 d3 55. g4 Kc4 56. h4 b4 57. h5 Be8 58. Ra7 h6 59. Rc7+
Bc6 60. Rxc6+ Rxc6 61. Ne5+ Kc3 62. Nxc6 b3 63. g5 b2 64. gxh6 b1=Q 65. h7 Qa2+
66. Kg3 Qa8 0-1

[Event "EIWCC 2003"]
[Site "?"]
[Date "2003.06.12"]
[Round "10.45"]
[White "Johansson, Victoria"]
[Black "Bosboom-Lanchava, Tea"]
[Result "0-1"]
[WhiteElo "2175"]
[BlackElo "2329"]
[PlyCount "150"]
[EventDate "2003.??.??"]

1. d4 d5 2. c4 c6 3. Nf3 Nf6 4. Nc3 dxc4 5. a4 Na6 6. e3 Bg4 7. Bxc4 Bxf3 8.
Qxf3 Nb4 9. O-O e6 10. Rd1 Be7 11. Qe2 Qc7 12. e4 O-O 13. Bg5 Rad8 14. Bh4 Ne8
15. Bxe7 Qxe7 16. Rd2 c5 17. dxc5 Rxd2 18. Qxd2 Qxc5 19. Be2 Nc6 20. Rd1 a6 21.
h3 g6 22. Qf4 Kg7 23. Rc1 Nd4 24. Bf1 Qb4 25. Rd1 Nc6 26. Qe3 Nd6 27. g3 Rd8
28. Rb1 Ne5 29. Qf4 f6 30. Qe3 Ndc4 31. Bxc4 Nxc4 32. Qf4 e5 33. Qg4 Rd2 34.
Nd5 f5 35. Qg5 Qd6 36. b3 h6 37. Qe7+ Qxe7 38. Nxe7 Nd6 39. exf5 gxf5 40. Rc1
Kf6 41. Rc7 Rb2 42. Ng8+ Ke6 43. Re7+ Kd5 44. Nxh6 Rxb3 45. h4 f4 46. gxf4 exf4
47. Ng4 b5 48. axb5 axb5 49. h5 Rh3 50. h6 b4 51. h7 b3 52. Nf6+ Kc4 53. Kg2
Rh4 54. Rc7+ Kd4 55. Rd7 Ke5 56. Rd8 b2 57. Nd7+ Kd4 58. Rb8 Rxh7 59. Rxb2 Rxd7
60. Kf3 Ke5 61. Re2+ Kf5 62. Rd2 Nc4 63. Rc2 Ne5+ 64. Kg2 f3+ 65. Kg3 Rg7+ 66.
Kh3 Rh7+ 67. Kg3 Rg7+ 68. Kh3 Kf4 69. Kh2 Rg2+ 70. Kh1 Rg5 71. Ra2 Ke4 72. Rb2
Nd3 73. Ra2 Nc1 74. Rc2 Rh5+ 75. Kg1 Ne2+ 0-1

[Event "EIWCC 2003"]
[Site "?"]
[Date "2003.06.12"]
[Round "10.46"]
[White "Sikorova, Olga"]
[Black "Seps, Monika"]
[Result "1-0"]
[WhiteElo "2261"]
[BlackElo "2095"]
[PlyCount "67"]
[EventDate "2003.??.??"]

1. f4 g6 2. Nf3 Bg7 3. e3 d5 4. Be2 Nf6 5. O-O O-O 6. Qe1 c5 7. a4 a5 8. Na3 b6
9. Bb5 Bb7 10. d3 Nbd7 11. Rb1 Qb8 12. g4 Qc7 13. Qg3 Ne8 14. Bxd7 Qxd7 15. b3
f6 16. Bb2 Nd6 17. g5 Nf5 18. Qh3 Rad8 19. Rbe1 d4 20. Nc4 Qc7 21. e4 Ne3 22.
Nxe3 dxe3 23. gxf6 exf6 24. Rxe3 Qxf4 25. Ne5 Qg5+ 26. Rg3 Bc8 27. Qg2 Qh5 28.
Nc4 Be6 29. Nxb6 g5 30. Nc4 Bxc4 31. bxc4 Qf7 32. e5 h6 33. exf6 Bxf6 34. Rxf6
1-0

[Event "EIWCC 2003"]
[Site "?"]
[Date "2003.12.06"]
[Round "10.48"]
[White "Yildiz, Betul Cemre"]
[Black "Gerasimovitch, Olga"]
[Result "1/2-1/2"]
[WhiteElo "2119"]
[BlackElo "2220"]
[PlyCount "146"]
[EventDate "2003.??.??"]

1. d4 d5 2. Nf3 Nf6 3. e3 Bg4 4. c4 e6 5. Qb3 Qc8 6. Ne5 Bf5 7. Nc3 c6 8. Bd2
Nbd7 9. Nxd7 Qxd7 10. Be2 Bd6 11. O-O O-O 12. Rfe1 Rad8 13. Bf3 Bb8 14. Rad1
Bg4 15. Bxg4 Nxg4 16. g3 e5 17. cxd5 cxd5 18. f4 exd4 19. exd4 b6 20. Re2 h5
21. Qc2 Nf6 22. Qd3 Qg4 23. Rf1 Rfe8 24. Rfe1 Rxe2 25. Qxe2 Qf5 26. Qf3 g6 27.
Bc1 Kg7 28. Re2 Ng4 29. Kg2 Nh6 30. b3 Qd7 31. Ba3 Nf5 32. Qd3 Qc6 33. Nb1 Rc8
34. Bb2 b5 35. Nc3 a6 36. Nd1 Re8 37. Nc3 Rxe2+ 38. Nxe2 Ba7 39. Ng1 Qe6 40.
Nf3 Ne3+ 41. Kf2 Ng4+ 42. Kg2 Qe3 43. Qxe3 Nxe3+ 44. Kg1 Kf6 45. Bc1 Nc2 46.
Kf1 Kf5 47. Bb2 Nb4 48. a3 Nc6 49. Ke2 f6 50. Bc3 g5 51. fxg5 fxg5 52. Kd3 g4
53. Nh4+ Kf6 54. Ng2 Ne7 55. Nf4 h4 56. gxh4 Bb8 57. Bd2 Kf5 58. Ng2 Bxh2 59.
Ne3+ Kg6 60. Nxg4 Bg3 61. Ne3 Bxh4 62. Bb4 Kf7 63. Bxe7 Bxe7 64. Nxd5 Bxa3 65.
Nc7 Ke7 66. Nxa6 Kd6 67. Kc3 Kc6 68. b4 Bc1 69. Nc5 Bg5 70. Ne4 Be7 71. Nd2 Kd5
72. Nb3 Bf6 73. Kd3 Bg7 1/2-1/2

[Event "EIWCC 2003"]
[Site "?"]
[Date "2003.06.12"]
[Round "10.51"]
[White "Muhren, Bianca"]
[Black "Cedikova, Katerina"]
[Result "1-0"]
[WhiteElo "2092"]
[BlackElo "2181"]
[PlyCount "137"]
[EventDate "2003.??.??"]

1. e4 c5 2. Nf3 Nc6 3. d4 cxd4 4. Nxd4 g6 5. c4 Bg7 6. Be3 Nf6 7. Nc3 O-O 8.
Be2 d6 9. O-O Bd7 10. f3 a5 11. a3 a4 12. Ndb5 Qa5 13. Qe1 Rfc8 14. Qf2 Qd8 15.
Bb6 Qf8 16. Nc7 Rxc7 17. Bxc7 Nxe4 18. Qe1 Bd4+ 19. Kh1 Nxc3 20. bxc3 Bc5 21.
Rb1 Bxa3 22. Bb6 Qc8 23. f4 Na5 24. Qh4 Bc5 25. Bxa5 Rxa5 26. Qxe7 a3 27. Bd3
a2 28. Ra1 Qe8 29. Qxe8+ Bxe8 30. Rfe1 Bc6 31. Re2 Ra3 32. Rc2 Rb3 33. Rcxa2
Rxc3 34. Bf1 h5 35. Rb1 Be3 36. f5 gxf5 37. Be2 Be4 38. Rd1 h4 39. h3 Bc5 40.
Kh2 Kg7 41. Rf1 Kg6 42. Rb2 Bd4 43. Rd2 Be5+ 44. Kg1 Kg5 45. Ra2 Rg3 46. Bf3
Bxf3 47. Rxf3 Rxf3 48. gxf3 Kf4 49. Kg2 Ke3 50. Ra7 b6 51. Rxf7 Kd4 52. Rxf5
Kxc4 53. f4 Bd4 54. Rf8 b5 55. f5 b4 56. f6 b3 57. f7 Bg7 58. Rg8 Bh6 59. Rg4+
Kc3 60. Rxh4 Bg7 61. Rg4 Bh6 62. Rg6 Bf8 63. Rg8 Bh6 64. f8=Q Bxf8 65. Rxf8 b2
66. Rb8 Kc2 67. h4 b1=Q 68. Rxb1 Kxb1 69. h5 1-0

[Event "EIWCC 2003"]
[Site "?"]
[Date "2003.12.06"]
[Round "10.52"]
[White "Hagesaether, Ellen"]
[Black "Ozturk, Kubra"]
[Result "1-0"]
[WhiteElo "2166"]
[BlackElo "1948"]
[PlyCount "107"]
[EventDate "2003.??.??"]

1. Nf3 Nf6 2. g3 g6 3. Bg2 Bg7 4. O-O O-O 5. d3 d5 6. Nbd2 c6 7. e4 dxe4 8.
dxe4 Qc7 9. Re1 Rd8 10. Qe2 b6 11. h3 Na6 12. Nc4 Nc5 13. Bf4 Qb7 14. Nfd2 b5
15. Na5 Qb6 16. b4 Ne6 17. Be3 Qc7 18. Ndb3 Bd7 19. Rac1 Rac8 20. c4 Qb8 21. c5
Be8 22. f4 Nh5 23. Qf2 Rd3 24. e5 Bh6 25. Be4 Rdd8 26. Qf3 Qc7 27. Bf2 Bd7 28.
Be3 Be8 29. Rcd1 Bd7 30. Nc1 f5 31. Bxf5 Nhg7 32. Bc2 Ne8 33. Ne2 Nf8 34. g4 e6
35. Nd4 g5 36. fxg5 Bg7 37. Bf4 Ng6 38. Bxg6 hxg6 39. Qe4 Kf7 40. h4 Bf8 41.
Rf1 Ng7 42. Bg3+ Kg8 43. Qxg6 Be8 44. Qc2 Rd5 45. Nab3 Be7 46. Qc1 Rcd8 47. Qf4
Bg6 48. h5 Rf8 49. Qe3 Bf7 50. g6 Be8 51. h6 Bxg6 52. hxg7 Rxf1+ 53. Rxf1 Qd7
54. Qh6 1-0

[Event "EIWCC 2003"]
[Site "?"]
[Date "2003.06.12"]
[Round "10.53"]
[White "Kopinits, Anna-Christina"]
[Black "Genova, Ruzka"]
[Result "0-1"]
[WhiteElo "2127"]
[BlackElo "2239"]
[PlyCount "86"]
[EventDate "2003.??.??"]

1. e4 c5 2. Nf3 d6 3. d4 cxd4 4. Nxd4 Nf6 5. Nc3 a6 6. f4 e6 7. Be2 Qc7 8. O-O
Be7 9. Kh1 O-O 10. Bf3 Nc6 11. a4 Bd7 12. Nb3 Rae8 13. g4 Bc8 14. g5 Nd7 15.
Bg2 f6 16. g6 f5 17. exf5 Rxf5 18. Be4 hxg6 19. Bxf5 gxf5 20. Be3 Nf6 21. h3
Bd7 22. a5 Nb4 23. Nd4 Qc4 24. Qe2 Qxe2 25. Ncxe2 Ne4 26. Rad1 Nd5 27. Bc1 g6
28. Kh2 Bd8 29. Rg1 Kf7 30. Nb3 Rh8 31. Rg2 Bc7 32. c4 Ndf6 33. Rd3 e5 34. Nc3
Nxc3 35. Rxc3 Bc6 36. Re2 Ne4 37. Rd3 Rh4 38. fxe5 dxe5 39. Kg1 Kf6 40. Nd2 Ng5
41. b4 Nxh3+ 42. Kf1 Nf4 43. Nf3 Rh1+ 0-1

[Event "EIWCC 2003"]
[Site "?"]
[Date "2003.06.12"]
[Round "10.54"]
[White "Keskin, Serap"]
[Black "Mar, Karmen"]
[Result "1-0"]
[WhiteElo "2023"]
[BlackElo "2236"]
[PlyCount "145"]
[EventDate "2003.??.??"]

1. d4 d5 2. Nf3 Nf6 3. g3 c6 4. Bg2 g6 5. b3 Bg7 6. Bb2 O-O 7. O-O a5 8. Nbd2
a4 9. Qc1 Na6 10. c4 Nc7 11. bxa4 Rxa4 12. Qc2 Ra7 13. c5 Bf5 14. Qb3 Kh8 15.
a4 Nd7 16. Rfc1 f6 17. Nh4 Bg4 18. e3 e5 19. Bf1 e4 20. h3 Be6 21. Kh2 g5 22.
Ng2 Qe8 23. Be2 f5 24. h4 Qg6 25. hxg5 Qxg5 26. Nf4 Bf7 27. Kg2 Rg8 28. Rh1 Ne6
29. Nxe6 Bxe6 30. Rh5 Qf6 31. Rah1 h6 32. Qb4 Bf8 33. Kf1 Kh7 34. Nb3 Qd8 35.
a5 Nf6 36. R5h4 Qd7 37. Qd2 Ra8 38. Bc3 Re8 39. Qd1 Ng4 40. Bxg4 fxg4 41. Ke2
Rg6 42. R1h2 Qc8 43. Kd2 Re7 44. Kc2 Rf7 45. Qe2 Qa8 46. Rg2 Be7 47. Rh1 Bg5
48. Ra1 Bc8 49. Rh2 Rgf6 50. Be1 Qb8 51. Nd2 Rf8 52. Nb1 Qc7 53. Nc3 Qg7 54.
Na4 R6f7 55. Nb6 Be6 56. Ra4 Be7 57. Ra2 Bf6 58. Ra4 Qg6 59. Ra3 Kg7 60. a6
bxa6 61. Qxa6 Kg8 62. Qa4 Rc7 63. Na8 Rcc8 64. Nb6 Rc7 65. Ba5 Ra7 66. Qxc6 Bf7
67. Nxd5 Bxd5 68. Qxd5+ Kg7 69. Bb4 Rxa3 70. Bxa3 Rd8 71. Qb7+ Kg8 72. c6 Bxd4
73. c7 1-0

[Event "EIWCC 2003"]
[Site "?"]
[Date "2003.06.12"]
[Round "10.55"]
[White "Stiri, Alexandra"]
[Black "Topel, Zehra"]
[Result "1-0"]
[WhiteElo "2178"]
[BlackElo "2092"]
[PlyCount "52"]
[EventDate "2003.??.??"]

1. e4 c6 2. d4 d5 3. Nc3 dxe4 4. Nxe4 Nd7 5. Ng5 Ngf6 6. Bd3 e6 7. N1f3 h6 8.
Nxe6 Qe7 9. O-O fxe6 10. Bg6+ Kd8 11. c4 b6 12. Bf4 Bb7 13. Re1 Ng4 14. Bg3 h5
15. Bh4 Ngf6 16. Ng5 Kc8 17. Nxe6 Qb4 18. Nxg7 Qxc4 19. d5 Qxh4 20. dxc6 Bc5
21. cxb7+ Kxb7 22. Qf3+ Ka6 23. Bd3+ Ka5 24. b4+ Bxb4 25. Qc6 a6 26. a3 Bc5 1-0

[Event "EIWCC 2003"]
[Site "?"]
[Date "2003.12.06"]
[Round "11.4"]
[White "Galliamova, Alisa"]
[Black "Radziewicz, Iweta"]
[Result "1/2-1/2"]
[WhiteElo "2489"]
[BlackElo "2428"]
[PlyCount "114"]
[EventDate "2003.??.??"]

1. d4 Nf6 2. Nf3 c5 3. e3 g6 4. dxc5 Qa5+ 5. Qd2 Qxc5 6. Qc3 b6 7. b4 Qxc3+ 8.
Nxc3 Bg7 9. Bb2 Ne4 10. Nd1 Bxb2 11. Nxb2 Bb7 12. Bd3 d6 13. Nd4 Nd7 14. f3
Nef6 15. Kf2 Ne5 16. Bb5+ Kf8 17. c4 Rc8 18. Rhc1 e6 19. e4 g5 20. Ba4 Ke7 21.
Ke3 h5 22. Bb3 h4 23. Rd1 h3 24. g4 a6 25. Rd2 Rh4 26. Na4 Rxc4 27. Bxc4 Nxc4+
28. Ke2 Nxd2 29. Kxd2 Nxe4+ 30. fxe4 Rxg4 31. Nc3 Rg2+ 32. Ke3 Rxh2 33. Rg1 Rg2
34. Rxg2 hxg2 35. Kf2 Kf6 36. b5 axb5 37. Ncxb5 Bxe4 38. Nxd6 Bd5 39. a3 Ke5
40. N4b5 f5 41. Nc8 Bc4 42. a4 Bf1 43. Nxb6 g4 44. Nd7+ Ke4 45. Nc5+ Kd5 46.
Nb3 f4 47. Nd2 f3 48. Nxf1 gxf1=Q+ 49. Kxf1 g3 50. a5 e5 51. a6 Kc6 52. Nc3 Kb6
53. Ne4 g2+ 54. Kf2 Kxa6 55. Nd2 Kb5 56. Nxf3 e4 57. Kxg2 exf3+ 1/2-1/2

[Event "EIWCC 2003"]
[Site "?"]
[Date "2003.12.06"]
[Round "11.5"]
[White "Socko, Monica"]
[Black "Skripchenko, Almira"]
[Result "1-0"]
[WhiteElo "2381"]
[BlackElo "2501"]
[PlyCount "95"]
[EventDate "2003.??.??"]

1. d4 Nf6 2. c4 d6 3. Nc3 Nbd7 4. e4 e5 5. Nf3 Be7 6. Be2 O-O 7. O-O c6 8. Qc2
a6 9. Rd1 Qc7 10. a4 a5 11. Bg5 Re8 12. Rac1 Nf8 13. d5 h6 14. Bd2 N8d7 15. Ne1
Nc5 16. Be3 Na6 17. Nd3 Nb4 18. Qb3 c5 19. Nxc5 Bg4 20. f3 Bxf3 21. Bxf3 Qb6
22. Ne2 dxc5 23. Rc3 Bf8 24. Ng3 g6 25. Rf1 Bg7 26. Be2 Rf8 27. Qd1 Qd6 28. Rb3
b6 29. Qc1 Kh7 30. Bd2 Qe7 31. Re3 Ne8 32. Nh1 Rh8 33. Rh3 Kg8 34. Bxh6 Nd6 35.
Nf2 f5 36. Bxg7 Kxg7 37. exf5 gxf5 38. Rg3+ Kf7 39. Ng4 Ke8 40. Ne3 Qf7 41.
Nxf5 Nxf5 42. Rg5 Qh7 43. Bh5+ Qxh5 44. Rxh5 Rxh5 45. Qd1 Ng7 46. Qg4 Ra7 47.
Qc8+ Ke7 48. Qf8+ 1-0

[Event "EIWCC 2003"]
[Site "?"]
[Date "2003.12.06"]
[Round "11.6"]
[White "Matveeva, Svetlana"]
[Black "Bojkovic, Natasa"]
[Result "1/2-1/2"]
[WhiteElo "2474"]
[BlackElo "2416"]
[PlyCount "108"]
[EventDate "2003.??.??"]

1. d4 Nf6 2. c4 e6 3. Nc3 Bb4 4. Qc2 c5 5. dxc5 O-O 6. a3 Bxc5 7. Nf3 b6 8. Bf4
Bb7 9. e3 Nc6 10. Rd1 Rc8 11. Be2 Be7 12. Nb5 d5 13. Qb1 a6 14. Nc3 Na5 15.
cxd5 exd5 16. Be5 Nc4 17. Bxc4 Rxc4 18. Bd4 Qd6 19. O-O Rfc8 20. Ne5 R4c7 21.
Qf5 b5 22. h3 Qe6 23. Qxe6 fxe6 24. Ne2 Nd7 25. Nxd7 Rxd7 26. Nf4 Rc6 27. Nd3
Rdc7 28. f4 Rc2 29. f5 exf5 30. Rxf5 Bc8 31. Rf3 Be6 32. Rdf1 h6 33. Nb4 Bxb4
34. axb4 Rf7 35. Rg3 Rxf1+ 36. Kxf1 g5 37. Rf3 Rc7 38. Kg1 Rf7 39. Kh2 Kh7 40.
Rxf7+ Bxf7 41. h4 gxh4 42. Kh3 Kg6 43. Kxh4 Kf5 44. g4+ Ke4 45. Kg3 h5 46. gxh5
Bxh5 47. Kh4 Be2 48. Kg5 Bf1 49. Kf6 Be2 50. Ke6 Bf1 51. Kd6 Be2 52. Kc6 Bf1
53. Kb6 Be2 54. Kxa6 Bf1 1/2-1/2

[Event "EIWCC 2003"]
[Site "?"]
[Date "2003.06.13"]
[Round "11.12"]
[White "Motoc, Alina"]
[Black "Kovalevskaya, Ekaterina"]
[Result "1/2-1/2"]
[WhiteElo "2358"]
[BlackElo "2447"]
[PlyCount "150"]
[EventDate "2003.??.??"]

1. d4 d6 2. c4 e5 3. Nf3 Nd7 4. e4 g6 5. Nc3 Bg7 6. Be2 Ne7 7. O-O O-O 8. Be3
h6 9. Qd2 Kh7 10. dxe5 dxe5 11. Rad1 Rg8 12. c5 Nc6 13. Bc4 Qf8 14. Nd5 Nxc5
15. Nxc7 Rb8 16. Bxc5 Qxc5 17. Bxf7 Rf8 18. Ne6 Bxe6 19. Bxe6 Rxf3 20. gxf3 Nd4
21. Qe3 Nxe6 22. Qxc5 Nxc5 23. Rd6 Bf8 24. Rd5 Kg7 25. Rxe5 Kf6 26. Rd5 Ne6 27.
Rd7 Rc8 28. Rfd1 Rc2 29. R7d2 Rc5 30. Rd7 Rc2 31. R7d2 Rc5 32. h4 g5 33. Rd5
gxh4 34. Rxc5 Bxc5 35. Rd5 Bd4 36. Rh5 Ng5 37. Rxh6+ Kg7 38. Rd6 Bxb2 39. Rd7+
Kf6 40. Rxb7 Bd4 41. Rd7 h3 42. f4 Ne6 43. Rd5 Ke7 44. Rf5 Bb6 45. e5 Nd4 46.
Rf6 Nf3+ 47. Kf1 Nh2+ 48. Kg1 Ng4 49. Rg6 Bxf2+ 50. Kf1 h2 51. Kg2 Ne3+ 52.
Kxh2 Nd5 53. f5 Bd4 54. Re6+ Kf7 55. Kg3 Nc7 56. Rh6 Bxe5+ 57. Kf3 Bf6 58. Ke4
Nb5 59. Rh7+ Bg7 60. Kf4 Nd6 61. Rh3 a5 62. Ra3 Bh6+ 63. Kg4 Nc4 64. Ra4 Ne5+
65. Kg3 Kf6 66. Rxa5 Kxf5 67. Rd5 Ke4 68. Rd8 Bf4+ 69. Kf2 Nc4 70. Ke2 Bd6 71.
Kd1 Kd3 72. Kc1 Kc3 73. Kb1 Na3+ 74. Kc1 Bf4+ 75. Kd1 Nc4 1/2-1/2

[Event "EIWCC 2003"]
[Site "?"]
[Date "2003.06.13"]
[Round "11.13"]
[White "Pogonina, Natalija"]
[Black "Alexandrova, Olga"]
[Result "1/2-1/2"]
[WhiteElo "2347"]
[BlackElo "2445"]
[PlyCount "101"]
[EventDate "2003.??.??"]

1. e4 e6 2. d4 d5 3. Nd2 dxe4 4. Nxe4 Nd7 5. Nf3 Ngf6 6. Nxf6+ Nxf6 7. Bd3 c5
8. dxc5 Bxc5 9. O-O O-O 10. Bg5 b6 11. Qe2 Qc7 12. Rad1 Bb7 13. h3 Rfd8 14.
Rfe1 Rac8 15. Ne5 Bd6 16. Ng4 Qc6 17. Ne3 Qc5 18. Bh4 Qe5 19. Bg3 Qc5 20. Bh4
Qe5 21. Bg3 Qc5 22. Bxd6 Rxd6 23. Ba6 Bxa6 24. Qxa6 Rc7 25. Rxd6 Qxd6 26. Rd1
Qe7 27. a4 h6 28. a5 Qb4 29. axb6 axb6 30. b3 Qc5 31. Rd8+ Kh7 32. Qd3+ g6 33.
c4 Ra7 34. Qc3 Qe7 35. Rd1 Rd7 36. Rxd7 Nxd7 37. Qd4 f5 38. Nd1 e5 39. Qd5 e4
40. Qd4 Qe6 41. Nc3 g5 42. b4 h5 43. Nd5 h4 44. Nc7 Qe7 45. Qd5 Kg6 46. Qc6+
Kf7 47. Qd5+ Kg6 48. Qc6+ Kf7 49. Qd5+ Kg6 50. Qc6+ Kf7 51. Qd5+ 1/2-1/2

[Event "EIWCC 2003"]
[Site "?"]
[Date "2003.06.13"]
[Round "11.14"]
[White "Danielian, Elina"]
[Black "Fakhiridou, Ekaterini"]
[Result "1-0"]
[WhiteElo "2386"]
[BlackElo "2276"]
[PlyCount "49"]
[EventDate "2003.??.??"]

1. d4 d6 2. c4 g6 3. g3 Bg7 4. Nf3 Nf6 5. Bg2 O-O 6. Nc3 Nc6 7. O-O Bf5 8. d5
Na5 9. Nd2 Ng4 10. e4 Bc8 11. Qc2 Ne5 12. b3 c6 13. Bb2 cxd5 14. cxd5 b5 15.
Nxb5 Ba6 16. a4 Bxb5 17. axb5 Re8 18. Qb1 Qb6 19. Ra2 Qxb5 20. h3 Qb6 21. Kh1
Qb4 22. Rd1 Rab8 23. Ra4 Qb6 24. Bd4 Qd8 25. f4 1-0

[Event "EIWCC 2003"]
[Site "?"]
[Date "2003.06.13"]
[Round "11.15"]
[White "Matnadze, Ana"]
[Black "Gvetadze, Sopio"]
[Result "1-0"]
[WhiteElo "2386"]
[BlackElo "2320"]
[PlyCount "71"]
[EventDate "2003.??.??"]

1. d4 e6 2. c4 d5 3. Nf3 g6 4. g3 Bg7 5. Bg2 Ne7 6. O-O Nbc6 7. e3 O-O 8. Nbd2
b6 9. b3 a5 10. Bb2 Ba6 11. Re1 Nf5 12. a3 Rc8 13. Rc1 Nce7 14. Qc2 h5 15. e4
dxe4 16. Nxe4 c6 17. Rcd1 Qc7 18. Bc1 Rfd8 19. Bf4 Qa7 20. Be5 b5 21. Bxg7 Nxg7
22. Nf6+ Kf8 23. h3 Nef5 24. c5 Qe7 25. Ne4 Ne8 26. Qc3 Qc7 27. Ne5 b4 28. axb4
axb4 29. Qa1 Ra8 30. Qc1 Nxd4 31. Qh6+ Kg8 32. Ng5 Ne2+ 33. Kh2 f6 34. Nxe6
Qxe5 35. Qxg6+ Kh8 36. Nxd8 1-0

[Event "EIWCC 2003"]
[Site "?"]
[Date "2003.06.13"]
[Round "11.16"]
[White "Polovnikova, Ekaterina"]
[Black "Mamedjarova, Zeinab"]
[Result "1-0"]
[WhiteElo "2383"]
[BlackElo "2298"]
[PlyCount "85"]
[EventDate "2003.??.??"]

1. e4 d5 2. exd5 Qxd5 3. Nc3 Qa5 4. d4 Nf6 5. Nf3 c6 6. Bc4 Bg4 7. h3 Bh5 8.
Bd2 e6 9. Qe2 Bb4 10. O-O-O Nbd7 11. a3 Bxc3 12. Bxc3 Qc7 13. g4 Bg6 14. Ne5
O-O-O 15. f4 Nb6 16. Rhe1 Kb8 17. Qf3 Nbd5 18. h4 h5 19. g5 Nxc3 20. bxc3 Nd5
21. Bxd5 exd5 22. f5 Bh7 23. g6 fxg6 24. fxg6 Bg8 25. Nd3 Rh6 26. Re5 Rxg6 27.
Rde1 Qd6 28. Kb2 Be6 29. Qxh5 Bc8 30. Re8 Rh6 31. Qg5 Rh8 32. Rxd8 Qxd8 33. Re7
Qb6+ 34. Kc1 Qa5 35. Kd2 Qxa3 36. Qxg7 Qd6 37. Rxb7+ Bxb7 38. Qxh8+ Bc8 39. h5
Qh2+ 40. Kc1 Kc7 41. Nc5 Bf5 42. Qg7+ Kc8 43. Qf8+ 1-0

[Event "EIWCC 2003"]
[Site "?"]
[Date "2003.06.13"]
[Round "11.18"]
[White "Javakhishvili, Lela"]
[Black "Ionescu-Brandis, Irina"]
[Result "1-0"]
[WhiteElo "2336"]
[BlackElo "2366"]
[PlyCount "87"]
[EventDate "2003.??.??"]

1. c4 e5 2. Nc3 Nf6 3. Nf3 Nc6 4. a3 g6 5. d4 exd4 6. Nxd4 Bg7 7. g3 Nxd4 8.
Qxd4 O-O 9. Bg2 Re8 10. Qd2 d6 11. O-O Rb8 12. b3 Bf5 13. Bb2 Qd7 14. Rfe1 Bh3
15. Bh1 Qf5 16. e4 Qc5 17. Nd5 Nxd5 18. Bxg7 Kxg7 19. cxd5 Re7 20. b4 Qb6 21.
a4 a6 22. Bf3 Rbe8 23. Qc3+ Kg8 24. Re3 Bc8 25. Rae1 c6 26. a5 Qc7 27. Rc1 Bd7
28. h4 Re5 29. Bg2 f5 30. exf5 Rxe3 31. fxe3 Bxf5 32. dxc6 bxc6 33. Bxc6 Qe7
34. Bxe8 Qxe8 35. Qc4+ Kg7 36. Qd4+ Kg8 37. Qd5+ Kh8 38. Rc3 Qf8 39. b5 Bh3 40.
Rc1 axb5 41. a6 Qe7 42. Qa8+ Kg7 43. Kh2 Bd7 44. Rc7 1-0